000 01180cam a2200337 a 4500
003 CHAP
005 20220817044003.0
008 050128d2002 mx r 10100 spa d
010 _a89467
011 _a90439
020 _a9687181893
035 _a100995
040 _cCHAP
082 0 4 _a301.35
_bC61
111 0 0 _aColoquio Internacional El Desarrollo Rural de México en el siglo XXI
_n(2 :
_d2002 :
_eMéxico, D. F.)
_925435
245 1 0 _aMemoria
_c/por Cámara de Diputados. LVIII legislatura)
260 _aMéxico, d. F. :
_bCámara de Diputados,
_c2002.
300 _a513 p.
590 _aBATCH-UPD
_b10
_c20130110
_lUCH01
_h0620
590 _aBATCH-UPD
_b10
_c20130410
_lUCH01
_h0303
590 _aBATCH-UPD
_b10
_c20130914
_lUCH01
_h1156
590 _aCONVERSION
_b10
_c20130109
_lUCH01
_h1350
650 1 4 _aAgricultura
_xInnovaciones tecnológicas.
_91565
650 1 4 _aDesarrollo rural.
_932067
650 1 4 _aPolítica agrícola
_zMéxico.
710 0 _aMéxico. Cámara de Diputados. LVII Legislatura del Congreso de la Unión.
_976881
901 _aBK
905 _aLilia
942 _cLIBRO
949 _a301.35 C61
_bBC
_cCONG
_d33724000934543
_eCONG
_h104883
_i100995
_sb
999 _c89467
_d89467